MARKETING RESEARCH (Record no. 215957)

MARC details
000 -LEADER
fixed length control field 00436nam a22001697a 4500
008 - FIXED-LENGTH DATA ELEMENTS--GENERAL INFORMATION
fixed length control field 250723b |||||||| |||| 00| 0 eng d
020 ## - INTERNATIONAL STANDARD BOOK NUMBER
International Standard Book Number 978-1-84480-327-9
050 ## - LIBRARY OF CONGRESS CALL NUMBER
Classification number HF 5415.2 .K46 2007
100 ## - MAIN ENTRY--PERSONAL NAME
Personal name KENT, RAY
245 ## - TITLE STATEMENT
Title MARKETING RESEARCH
260 ## - PUBLICATION, DISTRIBUTION, ETC.
Place of publication, distribution, etc. LONDON
Name of publisher, distributor, etc. THOMSON LEARNING
Date of publication, distribution, etc. 2007
300 ## - PHYSICAL DESCRIPTION
Extent XIV,592P.
500 ## - GENERAL NOTE
General note INCLUDES INDEX
650 ## - SUBJECT ADDED ENTRY
Topical term or geographic name entry element 1. MARKETING-RESEARCH
942 ## - ADDED ENTRY ELEMENTS (KOHA)
Source of classification or shelving scheme Library of Congress Classification
Koha item type Long Loan Book
Holdings
Withdrawn status Lost status Source of classification or shelving scheme Damaged status Not for loan Collection Home library Current library Shelving location Date acquired Inventory number Total checkouts Full call number Barcode Date last seen Copy number Price effective from Koha item type
    Library of Congress Classification     Business & Economics Kisii University Library Kisii University Library On Display 07/23/2025 109323   HF 5415.2 .K46 2007 000000018711 07/23/2025 1 07/23/2025 Long Loan Book
    Library of Congress Classification     Business & Economics Kisii University Library Kisii University Library On Display 07/23/2025 109324   HF 5415.2 .K46 2007 000000018712 07/23/2025 2 07/23/2025 Long Loan Book
    Library of Congress Classification     Business & Economics Kisii University Library Kisii University Library On Display 07/23/2025 109325   HF 5415.2 .K46 2007 000000018713 07/23/2025 3 07/23/2025 Long Loan Book